000 00633nam a2200193 i 4500
001 bg
100 1 _aSTACHOWICZ, Feliks
245 1 0 _aObróbka plastyczna :
_blaboratorium /
_cFeliks Stachowicz ; Politechnika Rzeszowska im. I. Łukaszewicza.
260 _aRzeszów :
_bRed. Wydawnictw Uczelnianych PR,
_c1993.
300 _a182 s. :
_brys., wykr ;
_c24 cm.
504 _aBibliogr. s.181-182.
650 9 _aMetale
_xobróbka plastyczna
_xbadanie
655 _aPodręczniki akademickie
040 _cBPK
041 0 _apl
080 _a621.7:621.97:621.98:669.018](075.8)
942 _cKS
008 s pl f |000 0 pol
999 _c6404
_d6404
856 _uhttp://koha.tu.koszalin.pl/cgi-bin/koha/opac-detail.pl?biblionumber=6404
_yKatalog online BPK